000 00541cam a22001933a 4500
001 41488
003 PGUSA
005 20140828083932.0
008 121124s2012||||xxu|||||s|||||000 | eng d
040 _aPGUSA
_beng
042 _adc
245 1 0 _aTen Months in the Field with the Boers
_h[electronic resource] /
_cAnonymous
260 _bProject Gutenberg,
_c2012
506 _aPublic domain in the USA.
516 _aElectronic text
830 0 _aProject Gutenberg
_v41488
856 4 0 _uhttp://www.gutenberg.org/ebooks/41488
942 _cEB
999 _c270740
_d270740